Countries With Coastline On Multiple Oceans - Statistics

General Stats
  • This quiz has been taken 69 times
  • The average score is 15 of 18
Answer Stats
Oceans Country % Correct
Arctic, Atlantic, Pacific United States
98%
Arctic, Atlantic, Pacific Canada
95%
Arctic, Pacific Russia
93%
Indian, Pacific Australia
92%
Atlantic, Pacific Mexico
90%
Atlantic, Pacific Panama
89%
Atlantic, Pacific Colombia
85%
Atlantic, Pacific Costa Rica
82%
Indian, Pacific Indonesia
82%
Atlantic, Pacific Nicaragua
80%
Atlantic, Pacific Guatemala
79%
Arctic, Atlantic Norway
77%
Atlantic, Indian South Africa
77%
Atlantic, Pacific Chile
75%
Atlantic, Pacific Honduras
75%
Indian, Pacific Malaysia
72%
Arctic, Atlantic Iceland
67%
Indian, Pacific Thailand
59%
No matching quizzes found
Score Distribution
Percent of People with Each Score
Percentile by Number Answered
Your Score History
You have not taken this quiz